000 00687nam a2200229Ia 4500
003 OSt
005 20220928120749.0
006 a|||||r|||| 00| 0
007 ta
008 220927b |||||||| |||| 00| 0 eng d
024 _a52579
037 _cTextual
040 _aSDCL
_cSDCL
_beng
041 _2eng
_aeng
082 _aV42,4'N3, J3
100 _aScalapino Robert A
_9450995
245 0 _aDemocracy and the party movement in prewar Japan
_b The failure of the first attempt
260 _aCalifornia
_bUniversity of California Press
_c1953
300 _axii,471p
_ccm.
942 _hV42,4'N3, J3
_cTEXL
_2CC
999 _c765122
_d765122